mobs minecraft - Statistiques

Statistiques générales
  • Ce quiz a été pris 525 fois
    522 depuis la dernière actualisation
  • Le résultat moyen est 13 sur 30
Statistiques - réponses
Réponse % Correct
zombie
98%
squelette
94%
creeper
85%
enderman
82%
araignée
76%
ender dragon
69%
wither
68%
ghast
60%
blaze
58%
piglin
54%
wither squelette
54%
sorcière
50%
cochon zombie
41%
poisson d'argent
39%
slime
38%
endermite
36%
phantom
33%
gardien
30%
noyé
29%
cube de magma
27%
shulker
27%
hoglin
22%
zombie villageois
20%
pillard
16%
vex
16%
ravageur
14%
vindicateur
14%
évocateur
11%
vagabon
11%
grand gardien
6%
Aucun quiz correspondant
Distribution des résultats
% des personnes avec chaque résultat
Percentile par nombre de réponses
Votre historique - résultats
Vous n’avez pas pris ce quiz depuis la dernière actualisation